000 00896cam a2200229 4500
001 ABS67252
008 031126n2003 000 0 eng u
035 _a(Sirsi) u124471
100 _aBembridge, P.
245 2 _aA liquid asset
260 _c2003
490 _aSurveyor
_v190(5752) 23 October 2003, 18-19(2)
520 _aLooks at a recent project as an example of a highway which has been supported by a sustainable urban drainage system (SUDS). The project is designed to cope with a surface run-off from a once-in-100 year storm, allowing the water to return to ground as close to the point as possible at which it fell.
590 _aABS
650 _aSUSTAINABLE URBAN DRAINAGE SYSTEMS
650 _aDRAINAGE SYSTEMS
650 _aRUN-OFF
650 _aHIGHWAYS
650 _aRAINWATER
690 _aENVIRONMENTAL AND LAND CONSULTANCY-ENVIRONMENTAL MANAGEMENT
942 _n0
999 _c73858
_d73858